Somos patrimonio : (Registro nro. 4405)
[ vista simple ]
| 000 -CABECERA | |
|---|---|
| Campo de control | 00995nam a2200253 a 4500 |
| 005 - FECHA Y HORA DE LA ULTIMA TRANSACCION | |
| Campo de control | 20151107085556.0 |
| 008 - ELEMENTOS DE LONGITUD FIJA—INFORMACION GENERAL | |
| Campo de control | 140314b1999 ck ||||| |||| 00| 0 spa d |
| 020 ## - ISBN | |
| ISBN | 958698009X (vol. 1) |
| 020 ## - ISBN | |
| ISBN | 9586980766 (vol. 2) |
| 040 ## - FUENTE DE CATALOGACIÓN | |
| Agencia catalogadora original | CO-BoIAVH |
| Agencia transcriptora | CO-BoIAVH |
| 041 ## - IDIOMA | |
| Código de idioma para texto/pista de sonido o título separado | Español |
| 044 ## - PAÍS DE PUBLICACIÓN | |
| País de publicación | Colombia |
| 082 04 - NUMERO DE CLASIFICACION DECIMAL DEWEY | |
| Número de clasificación | 306.4 |
| Número del ítem | So56s |
| 245 00 - MENCION DE TITULO | |
| Título | Somos patrimonio : |
| Parte restante del título | 91 experiencia de apropiación social del patrimonio cultural y natural. |
| 260 ## - PUBLICACION, DISTRIBUCION, ETC. (PIE DE IMPRENTA) | |
| Lugar de publicación, distribución, etc. | Santa Fe de Bogotá: |
| Nombre del editor, distribuidor, etc. | Convenio Andrés Bello, |
| Fecha de publicación, distribución, etc. | 1999. |
| 300 ## - DESCRIPCION FISICA | |
| Extensión | 3 volúmenes; 252 páginas |
| Otros detalles físicos | fotografías a color |
| Dimensiones | 30 cm. |
| 500 ## - NOTA GENERAL | |
| Nota general | concurso internacional experiencias en apropiación social del patrimonio cultural y natural para el desarrollo comunitario (I:1998) |
| 650 16 - ASIENTO SECUNDARIO DE MATERIA - TERMINO TEMATICO | |
| Término temático o nombre geográfico como elemento de entrada | Patrimonio cultural y natural |
| 650 16 - ASIENTO SECUNDARIO DE MATERIA - TERMINO TEMATICO | |
| Término temático o nombre geográfico como elemento de entrada | Conservación de los bienes culturales |
| 650 16 - ASIENTO SECUNDARIO DE MATERIA - TERMINO TEMATICO | |
| Término temático o nombre geográfico como elemento de entrada | Participación comunitaria |
| 700 10 - ASIENTO SECUNDARIO - NOMBRE PERSONAL | |
| Nombre personal | Vallejo Londoño, Claudia |
| Fechas asociadas con el nombre | compiladora |
| 942 ## - ELEMENTOS ADICIONALES (KOHA) | |
| Tipo de ítem | Libro |
| Sistema de clasificación | Dewey Decimal Classification |
| 945 ## - PROCESAMIENTO LOCAL | |
| AAAA-MM-DD - Fecha de ingreso o modificacion | 2005-05-05 |
| Withdrawn status | Lost status | Sistema de Clasificación | Damaged status | No para préstamo | Colección | Inventariado | Ubicación Permanente | Ubicación actual | Fecha de adquisición | Fuente de Valor | Valor | Total Checkouts | Número topográfico | Inventario / Código de Barras | Date last seen | Date checked out | Ejemplar | Price effective from | Forma de adquisición | Tipo de material |
|---|---|---|---|---|---|---|---|---|---|---|---|---|---|---|---|---|---|---|---|---|
| Dewey Decimal Classification | General | Inventariado 2017 | Bogotá | Bogotá | 05/05/2005 | Arango, Natalia | 39000.00 | 1 | LB-306.4 So56s | 017846 | 16/05/2018 | 16/05/2018 | V. 1 Ej. 1 | 04/12/2012 | Libro | |||||
| Dewey Decimal Classification | General | Inventariado 2017 | Bogotá | Bogotá | 05/05/2005 | Arango, Natalia | 39000.00 | 1 | LB-306.4 So56s | 017847 | 16/05/2018 | 16/05/2018 | V. 2 Ej. 1 | 04/12/2012 | Libro | |||||
| Dewey Decimal Classification | General | Inventariado 2017 | Bogotá | Bogotá | 05/05/2005 | Arango, Natalia | 39000.00 | LB-306.4 So56s | 017848 | 04/12/2012 | V. 3 Ej. 1 | 04/12/2012 | Donación | Libro |